[Event "Turkey IS Bank Super League 2017"]
[Site "Darica-Kocaeli"]
[Date "2017.08.05"]
[Round "12"]
[White "Soysal, Serkan"]
[Black "Yelken, Mustafa"]
[Result "0-1"]
[WhiteElo "2367"]
[BlackElo "2171"]
[Annotator "TA"]
[PlyCount "84"]
[EventType "team-tourn"]
[EventCountry "TUR"]
[SourceTitle "playchess.com"]
[Source "ChessBase"]
[SourceQuality "1"]

1. Nf3 Nf6 2. c4 e6 3. Nc3 d5 4. d4 Bb4 5. Qc2 O-O 6. a3 Bxc3+ 7. Qxc3 b6 8. Bg5 Nbd7 9. cxd5 exd5 10. Qc6 Rb8 11. Rc1 Bb7 12. Qa4 c5 13. e3 c4 14. Bf4 Rc8 15. Be2 Re8 16. b3 a6 17. O-O b5 18. Qb4 a5 19. Qc3 Ne4 20. Qb2 c3 21. Qc2 b4 22. axb4 axb4 23. Bb5 Bc6 24. Bd3 Qb6 25. Ra1 Ra8 26. Ng5 Nxg5 27. Bxg5 h6 28. Bf4 Bb5 29. Rfc1 Bxd3 30. Qxd3 Nf6 31. f3 Nh5 32. Be5 Rxa1 33. Rxa1 Rc8 34. Qf5 Qc6 35. Qxh5 c2 36. Rc1 Qc3 37. Kf2 Qd2+ 38. Kg3 Rc6 39. Ra1 Rg6+ 40. Kf4 c1=Q 41. Rxc1 Qxc1 42. Qf5 Qg1 0-1

[Event "Turkey IS Bank Super League 2017"]
[Site "Darica-Kocaeli"]
[Date "2017.08.05"]
[Round "12"]
[White "Mammadova, Gulnar"]
[Black "Nomin-Erdene, Davaademberel"]
[Result "1/2-1/2"]
[WhiteElo "2357"]
[BlackElo "2373"]
[Annotator "TA"]
[PlyCount "37"]
[EventType "team-tourn"]
[EventCountry "TUR"]
[SourceTitle "playchess.com"]
[Source "ChessBase"]
[SourceQuality "1"]

1. e4 c6 2. d4 d5 3. Nc3 dxe4 4. Nxe4 Bf5 5. Ng3 Bg6 6. h4 h6 7. Nf3 Nd7 8. h5 Bh7 9. Bd3 Bxd3 10. Qxd3 e6 11. Bf4 Qa5+ 12. c3 Ngf6 13. Ne5 Be7 14. Nc4 Qd5 15. Ne3 Qa5 16. Nc4 Qd5 17. Ne3 Qa5 18. Nc4 Qd5 19. Ne3 1/2-1/2

[Event "Turkey IS Bank Super League 2017"]
[Site "Darica-Kocaeli"]
[Date "2017.08.05"]
[Round "12"]
[White "Osmak, Iulija"]
[Black "Ushenina, Anna"]
[Result "1/2-1/2"]
[WhiteElo "2353"]
[BlackElo "2458"]
[Annotator "TA"]
[PlyCount "114"]
[EventType "team-tourn"]
[EventCountry "TUR"]
[SourceTitle "playchess.com"]
[Source "ChessBase"]
[SourceQuality "1"]

1. d4 Nf6 2. Bf4 g6 3. e3 Bg7 4. Nf3 O-O 5. Be2 c5 6. O-O d6 7. h3 cxd4 8. exd4 Nd5 9. Bg3 Bh6 10. Re1 Nd7 11. c4 Nf4 12. Bf1 Nf6 13. Nc3 Bd7 14. Bh4 Bg7 15. Qd2 Ne6 16. Nd5 Re8 17. Nxf6+ exf6 18. b4 Qc7 19. Bg3 a5 20. c5 Bf8 21. b5 Ng7 22. Rec1 Bf5 23. d5 Be4 24. Ne1 Nf5 25. Bf4 Re5 26. Bxe5 fxe5 27. Rd1 Nd4 28. c6 Bxd5 29. Nc2 bxc6 30. Nxd4 exd4 31. bxc6 Qxc6 32. Rac1 Qb7 33. Rb1 Qa7 34. a4 Bg7 35. Rdc1 Be5 36. Rb5 Be6 37. Rcb1 Kg7 38. Bd3 Qe7 39. f4 Bf6 40. Rxa5 Rxa5 41. Qxa5 Bxh3 42. Qd2 Bg4 43. a5 Bh4 44. Kh2 Be6 45. g3 Bf6 46. Qg2 Qc7 47. a6 Qa5 48. Qe2 Bd7 49. Bb5 Bf5 50. Bd3 Bd7 51. Qg2 Be6 52. g4 h5 53. g5 Bd8 54. Qb2 Bb6 55. Ra1 Qc5 56. Rc1 Qa5 57. Ra1 Qc5 1/2-1/2

[Event "Turkey IS Bank Super League 2017"]
[Site "Darica-Kocaeli"]
[Date "2017.08.05"]
[Round "12"]
[White "Yurtseven, Melih"]
[Black "Sanal, Vahap"]
[Result "0-1"]
[WhiteElo "2353"]
[BlackElo "2533"]
[Annotator "TA"]
[PlyCount "90"]
[EventType "team-tourn"]
[EventCountry "TUR"]
[SourceTitle "playchess.com"]
[Source "ChessBase"]
[SourceQuality "1"]

1. Nf3 Nf6 2. g3 b6 3. Bg2 Bb7 4. O-O e6 5. d3 d5 6. Nbd2 c5 7. e4 Nc6 8. Re1 Be7 9. e5 Nd7 10. Nf1 b5 11. h4 Qb6 12. Bf4 a5 13. c3 a4 14. N1d2 O-O 15. h5 h6 16. Rc1 Rfc8 17. g4 Qd8 18. Nf1 b4 19. c4 Nb6 20. N1d2 Ra7 21. Be3 Nd7 22. cxd5 exd5 23. d4 Nf8 24. Nf1 Ne6 25. Ng3 a3 26. b3 cxd4 27. Nxd4 Ncxd4 28. Rxc8 Bxc8 29. Bxd4 Nxd4 30. Qxd4 Rc7 31. Nf5 Bc5 32. Qxd5 Qg5 33. e6 Bxe6 34. Rxe6 fxe6 35. Qxe6+ Kf8 36. Qd5 Rc8 37. Bf3 Qd8 38. Qe6 Qe8 39. Qd5 Qe1+ 40. Kh2 Qxf2+ 41. Kh3 Qf1+ 42. Bg2 Qf4 43. Bf3 Bd6 44. g5 Rc3 45. Qa8+ Bb8 0-1

[Event "Turkey IS Bank Super League 2017"]
[Site "Darica-Kocaeli"]
[Date "2017.08.05"]
[Round "12"]
[White "Unuk, Laura"]
[Black "Karavade, Eesha"]
[Result "0-1"]
[WhiteElo "2343"]
[BlackElo "2397"]
[Annotator "NA"]
[PlyCount "66"]
[EventType "team-tourn"]
[EventCountry "TUR"]
[SourceTitle "playchess.com"]
[Source "ChessBase"]
[SourceQuality "1"]

1. d4 d5 2. c4 c6 3. e3 Nf6 4. Nc3 e6 5. Nf3 Nbd7 6. Bd3 dxc4 7. Bxc4 b5 8. Bd3 Bb7 9. O-O a6 10. a4 b4 11. Nb1 c5 12. Nbd2 Be7 13. e4 cxd4 14. e5 Nd5 15. Ne4 Qb8 16. Bg5 Nxe5 17. Nxe5 Qxe5 18. f4 Qb8 19. f5 exf5 20. Rxf5 Ne3 21. Bxe3 dxe3 22. Qb3 O-O 23. Rxf7 Rxf7 24. Rf1 Kh8 25. Rxf7 Qe5 26. Ng3 Bc5 27. Kf1 Bd5 28. Bc4 Bxf7 29. Bxf7 Qf4+ 30. Ke2 Qf2+ 31. Kd3 Rd8+ 32. Bd5 Qd2+ 33. Ke4 Qd4+ 0-1

[Event "Turkey IS Bank Super League 2017"]
[Site "Darica-Kocaeli"]
[Date "2017.08.05"]
[Round "12"]
[White "Ozturk, Kubra"]
[Black "Batsiashvili, Nino"]
[Result "1/2-1/2"]
[WhiteElo "2298"]
[BlackElo "2475"]
[Annotator "TA"]
[PlyCount "152"]
[EventType "team-tourn"]
[EventCountry "TUR"]
[SourceTitle "playchess.com"]
[Source "ChessBase"]
[SourceQuality "1"]

1. d4 Nf6 2. c4 e6 3. g3 Bb4+ 4. Bd2 Be7 5. Bg2 d5 6. Nf3 O-O 7. Qc2 c6 8. O-O a5 9. b3 b6 10. Rd1 Ba6 11. Bf4 Nbd7 12. Nc3 Rc8 13. e4 dxc4 14. Rac1 Ba3 15. Rb1 Bb4 16. Nd2 cxb3 17. axb3 Qe7 18. Na2 Ba3 19. Nc4 Rfd8 20. Nxa3 Qxa3 21. b4 axb4 22. Nxb4 Bb5 23. Bd6 Ba4 24. Qc1 Qxc1 25. Rdxc1 c5 26. dxc5 bxc5 27. Na6 c4 28. Bc7 Bb3 29. Bxd8 Rxd8 30. f4 e5 31. Nb4 Re8 32. Nd5 exf4 33. Nxf6+ gxf6 34. gxf4 Nc5 35. Rxb3 Nxb3 36. Rxc4 Rd8 37. Kf2 Rd2+ 38. Kg3 Nd4 39. Bf1 Kg7 40. Rc3 Re2 41. Rc7 Rxe4 42. Bc4 Re3+ 43. Kg2 Rc3 44. Rxf7+ Kg6 45. Rc7 Kh6 46. Rc8 Ne2 47. f5 Nd4 48. Be6 Rxc8 49. Bxc8 Kg5 50. Kg3 Nxf5+ 51. Kf3 Nh4+ 52. Kg3 Ng6 53. Ba6 f5 54. Bb5 h5 55. Ba6 h4+ 56. Kf3 Ne5+ 57. Kg2 Kg4 58. Bc8 Nd3 59. Bb7 Nf4+ 60. Kf2 Nh3+ 61. Kg2 Ng5 62. Ba6 Kf4 63. Bc8 Ke4 64. Kf2 Kf4 65. Kg2 h3+ 66. Kg1 Nf3+ 67. Kh1 Ne5 68. Kg1 Ng4 69. Kh1 Ke4 70. Bxf5+ Kxf5 71. Kg1 Kf4 72. Kh1 Nf2+ 73. Kg1 Kf3 74. Kf1 Ne4 75. Kg1 Nc3 76. Kh1 Ne2 1/2-1/2

[Event "Turkey IS Bank Super League 2017"]
[Site "Darica-Kocaeli"]
[Date "2017.08.05"]
[Round "12"]
[White "Karatekin, Tamer"]
[Black "Benidze, Davit"]
[Result "0-1"]
[WhiteElo "2287"]
[BlackElo "2515"]
[Annotator "TA"]
[PlyCount "70"]
[EventType "team-tourn"]
[EventCountry "TUR"]
[SourceTitle "playchess.com"]
[Source "ChessBase"]
[SourceQuality "1"]

1. c4 b6 2. Nc3 Bb7 3. Nf3 e6 4. e4 c5 5. Be2 Nc6 6. d4 cxd4 7. Nxd4 Nf6 8. O-O Qb8 9. a3 Nxd4 10. Qxd4 Bd6 11. h3 h5 12. Bg5 Bc5 13. Qd2 Nxe4 14. Nxe4 Bxe4 15. Rfd1 O-O 16. Qf4 Qb7 17. Qg3 h4 18. Bxh4 f6 19. Bd3 Bd4 20. Qg4 Bxd3 21. Qxd4 Be4 22. Qxd7 Bxg2 23. Qxe6+ Rf7 24. Rd4 Bf3 25. Re1 Raf8 26. Re3 Bc6 27. Qf5 Re7 28. Rg4 Rxe3 29. fxe3 Qe7 30. Qf4 Rf7 31. Qb8+ Kh7 32. Qf4 g5 33. Qf5+ Kg7 34. Rg3 Qd6 35. Qf2 Kf8 0-1

[Event "Turkey IS Bank Super League 2017"]
[Site "Darica-Kocaeli"]
[Date "2017.08.05"]
[Round "12"]
[White "Agdelen, Huseyin Can"]
[Black "Kerigan, Demre"]
[Result "1-0"]
[WhiteElo "2277"]
[BlackElo "2354"]
[Annotator "NA"]
[PlyCount "95"]
[EventType "team-tourn"]
[EventCountry "TUR"]
[SourceTitle "playchess.com"]
[Source "ChessBase"]
[SourceQuality "1"]

1. e4 c5 2. Nf3 e6 3. d4 cxd4 4. Nxd4 Nc6 5. Nc3 Qc7 6. Be3 a6 7. Qf3 Bd6 8. O-O-O Be5 9. g3 b5 10. Qe2 Bb7 11. f4 Bxd4 12. Bxd4 Nxd4 13. Rxd4 Ne7 14. Bh3 O-O 15. Rhd1 Bc6 16. e5 Qa5 17. Kb1 b4 18. Ne4 Bd5 19. b3 Bxe4 20. Qxe4 Nd5 21. Rxd5 exd5 22. Rxd5 Qb6 23. Qd4 Qxd4 24. Rxd4 a5 25. Bxd7 Rfd8 26. f5 Kf8 27. e6 Ke7 28. Kb2 fxe6 29. fxe6 Rf8 30. a3 bxa3+ 31. Kxa3 Rf5 32. c4 Ra7 33. g4 Rf1 34. c5 a4 35. Rxa4 Ra1+ 36. Kb4 R7xa4+ 37. bxa4 Ra2 38. a5 Rb2+ 39. Ka3 Rc2 40. a6 Rxc5 41. Kb4 Rc7 42. Ka5 Kd6 43. Kb6 Rc2 44. a7 Ra2 45. Bb5 g5 46. e7 Kxe7 47. Ba6 Rb2+ 48. Kc5 1-0

[Event "Turkey IS Bank Super League 2017"]
[Site "Darica-Kocaeli"]
[Date "2017.08.05"]
[Round "12"]
[White "Tuncer, Tuna"]
[Black "Unat, Can Haktan"]
[Result "1-0"]
[WhiteElo "2274"]
[BlackElo "2006"]
[Annotator "NA"]
[PlyCount "107"]
[EventType "team-tourn"]
[EventCountry "TUR"]
[SourceTitle "playchess.com"]
[Source "ChessBase"]
[SourceQuality "1"]

1. e4 c5 2. Nf3 e6 3. d4 cxd4 4. Nxd4 Nc6 5. Nc3 Qc7 6. f4 a6 7. Nxc6 bxc6 8. Bd3 d5 9. O-O Nf6 10. Qe2 Be7 11. b3 Bb7 12. Bb2 O-O 13. Rae1 Rad8 14. Kh1 a5 15. Qf3 d4 16. Nb1 c5 17. a4 Ne8 18. Qh3 f6 19. Bc4 Nd6 20. Bxe6+ Kh8 21. Nd2 Rde8 22. Bc1 Bc8 23. Bxc8 Nxc8 24. Qd3 Na7 25. Nc4 Nc6 26. Bd2 Bd6 27. Re2 Qd8 28. Rfe1 Bc7 29. Qf3 d3 30. Qxd3 Qxd3 31. cxd3 Nd4 32. Rf2 Nxb3 33. Bc3 Rb8 34. g3 Rfd8 35. Rd1 Kg8 36. Rb2 Rb7 37. Kg2 Rdb8 38. Rdb1 Kf8 39. Kf2 Ke8 40. Ke3 Kd7 41. Nd2 Nxd2 42. Kxd2 Rxb2+ 43. Rxb2 Rxb2+ 44. Bxb2 Bd8 45. Kc3 Kc6 46. Kc4 Bc7 47. Bc1 h6 48. Bd2 Bd8 49. g4 Bb6 50. h4 Bd8 51. h5 Bc7 52. g5 hxg5 53. fxg5 Be5 54. g6 1-0

[Event "Turkey IS Bank Super League 2017"]
[Site "Darica-Kocaeli"]
[Date "2017.08.05"]
[Round "12"]
[White "Demircioglu, Emre"]
[Black "Selbes, Tarik"]
[Result "0-1"]
[WhiteElo "2265"]
[BlackElo "2297"]
[Annotator "NA"]
[PlyCount "70"]
[EventType "team-tourn"]
[EventCountry "TUR"]
[SourceTitle "playchess.com"]
[Source "ChessBase"]
[SourceQuality "1"]

1. d4 Nf6 2. c4 g6 3. Nc3 Bg7 4. e4 O-O 5. Be2 d6 6. Bg5 h6 7. Be3 e5 8. d5 Na6 9. Nf3 Ng4 10. Bc1 f5 11. exf5 gxf5 12. g3 e4 13. Nh4 Nc5 14. Ng6 Re8 15. h3 Qf6 16. Nf4 Ne5 17. Kf1 Bd7 18. Be3 Ncd3 19. Nxd3 exd3 20. Bxd3 Nxd3 21. Qxd3 f4 22. Bxf4 Bf5 23. Qd2 Qg6 24. Kg2 Bd3 25. Rhd1 Bxc4 26. Rac1 Re7 27. b3 Ba6 28. Be3 Rf8 29. Bd4 Qf5 30. f4 Rfe8 31. Bxg7 Re2+ 32. Nxe2 Rxe2+ 33. Qxe2 Bxe2 34. Re1 Qe4+ 35. Kh2 Kxg7 0-1

[Event "Turkey IS Bank Super League 2017"]
[Site "Darica-Kocaeli"]
[Date "2017.08.05"]
[Round "12"]
[White "Yaran, Siar"]
[Black "Gundogan, Cem"]
[Result "1-0"]
[WhiteElo "2253"]
[BlackElo "2062"]
[Annotator "NA"]
[PlyCount "57"]
[EventType "team-tourn"]
[EventCountry "TUR"]
[SourceTitle "playchess.com"]
[Source "ChessBase"]
[SourceQuality "1"]

1. e4 e6 2. d4 d5 3. exd5 exd5 4. c4 Nf6 5. Nc3 Be7 6. Bd3 Nc6 7. cxd5 Nb4 8. Bb1 Nbxd5 9. Nge2 c6 10. O-O Bg4 11. Qd3 Qc7 12. Bg5 O-O-O 13. a3 h6 14. Bh4 Nf4 15. Nxf4 Qxf4 16. Nb5 cxb5 17. Bg3 Qg5 18. h4 Qh5 19. Rc1+ Kd7 20. Rc7+ Ke8 21. Ba2 Be6 22. Re1 Nd5 23. Qxb5+ Kf8 24. Rxb7 Nf6 25. d5 Bd7 26. d6 Bxb5 27. dxe7+ Ke8 28. Bxf7+ Qxf7 29. exd8=N+ 1-0

[Event "Turkey IS Bank Super League 2017"]
[Site "Darica-Kocaeli"]
[Date "2017.08.05"]
[Round "12"]
[White "Goksel, Doga Cihan"]
[Black "Buyukasik, Diyap"]
[Result "1/2-1/2"]
[WhiteElo "2247"]
[BlackElo "2285"]
[Annotator "NA"]
[PlyCount "61"]
[EventType "team-tourn"]
[EventCountry "TUR"]
[SourceTitle "playchess.com"]
[Source "ChessBase"]
[SourceQuality "1"]

1. Nf3 Nf6 2. d4 e6 3. c4 Bb4+ 4. Nbd2 O-O 5. a3 Be7 6. e4 d5 7. e5 Nfd7 8. cxd5 exd5 9. Bd3 c5 10. dxc5 Nc6 11. O-O Nxc5 12. Bc2 Bg4 13. h3 Bh5 14. b4 Ne6 15. Re1 Rc8 16. Bb2 Re8 17. Rc1 Ncd4 18. Bd3 Qb6 19. g4 Bg6 20. Bxg6 hxg6 21. Nxd4 Nxd4 22. Nf3 Ne6 23. Qd2 Rc4 24. Rxc4 dxc4 25. Qe3 Qxe3 26. Rxe3 b5 27. Nd4 Nxd4 28. Bxd4 a6 29. Re4 Rc8 30. Bc3 Kf8 31. Kf1 1/2-1/2

[Event "Turkey IS Bank Super League 2017"]
[Site "Darica-Kocaeli"]
[Date "2017.08.05"]
[Round "12"]
[White "Uzumcu, Ahmet Utku"]
[Black "Ozen, Bahadir"]
[Result "0-1"]
[WhiteElo "2223"]
[BlackElo "2315"]
[Annotator "NA"]
[PlyCount "166"]
[EventType "team-tourn"]
[EventCountry "TUR"]
[SourceTitle "playchess.com"]
[Source "ChessBase"]
[SourceQuality "1"]

1. e4 g6 2. d4 Bg7 3. Nc3 d6 4. f4 e6 5. Be2 Ne7 6. Nf3 Nd7 7. Be3 a6 8. a4 b6 9. O-O Bb7 10. Nd2 O-O 11. Bf3 d5 12. e5 Nf5 13. Bf2 f6 14. g4 Nxd4 15. Bxd4 fxe5 16. fxe5 c5 17. Bf2 Nxe5 18. Bg2 Qg5 19. h3 h5 20. gxh5 Bh6 21. Qe2 Rf5 22. Rad1 gxh5 23. Kh1 Raf8 24. Bg1 Kh7 25. Rxf5 Rxf5 26. Bh2 Ng6 27. Nf3 Qf6 28. Re1 Bg7 29. Qxe6 Rxf3 30. Qxf6 Rxf6 31. Nxd5 Rf2 32. Nf6+ Bxf6 33. Bxb7 Kh6 34. Re6 Kg5 35. Be4 Nh4 36. Bg3 Rf1+ 37. Kh2 Bd4 38. Bxh4+ Kxh4 39. Rg6 Rf2+ 40. Rg2 Rf4 41. Bd3 Bxb2 42. Bxa6 Rxa4 43. Bc8 Be5+ 44. Kg1 Ra8 45. Bd7 Rd8 46. Bf5 Rf8 47. Bd7 Rf7 48. Be6 Rf6 49. Bd7 Bd4+ 50. Kh2 Rd6 51. Bf5 Be5+ 52. Kg1 b5 53. Bc8 Rd8 54. Be6 Rd6 55. Bc8 Bd4+ 56. Kf1 Rd8 57. Be6 Rf8+ 58. Ke1 c4 59. Bd7 b4 60. Be6 Rf4 61. Kd1 Bc3 62. Bc8 Re4 63. Rg1 Re5 64. Rf1 Kg3 65. Ba6 Re4 66. Bb7 Re6 67. Rf3+ Kh2 68. Rf1 h4 69. Bc8 Re5 70. Ba6 b3 71. cxb3 cxb3 72. Bb7 Re3 73. Kc1 Re2 74. Bd5 Rc2+ 75. Kb1 Ra2 76. Rh1+ Kg3 77. Rg1+ Kxh3 78. Rh1+ Kg4 79. Rg1+ Kf4 80. Rf1+ Ke5 81. Bxb3 Ra1+ 82. Kc2 Rxf1 83. Kxc3 Rf3+ 0-1

[Event "Turkey IS Bank Super League 2017"]
[Site "Darica-Kocaeli"]
[Date "2017.08.05"]
[Round "12"]
[White "Tasdogen, Dincer"]
[Black "Kamer, Kayra"]
[Result "1/2-1/2"]
[WhiteElo "2215"]
[BlackElo "2062"]
[Annotator "NA"]
[PlyCount "111"]
[EventType "team-tourn"]
[EventCountry "TUR"]
[SourceTitle "playchess.com"]
[Source "ChessBase"]
[SourceQuality "1"]

1. e4 c5 2. Nf3 e6 3. d4 cxd4 4. Nxd4 a6 5. Bd3 Bc5 6. Nb3 Be7 7. Qg4 g6 8. Qe2 Nc6 9. O-O Qc7 10. f4 Nf6 11. e5 Nh5 12. N1d2 d5 13. c4 dxc4 14. Nxc4 b5 15. Nd6+ Bxd6 16. exd6 Qxd6 17. Be3 Bb7 18. Nc5 Nd4 19. Qf2 Qxc5 20. Bxd4 Qd5 21. Bxh8 Nxf4 22. Qg3 Nxd3 23. Kh1 f5 24. Rad1 Rd8 25. h3 f4 26. Qg4 Nf2+ 27. Rxf2 Qxd1+ 28. Qxd1 Rxd1+ 29. Kh2 g5 30. h4 Rd5 31. Bf6 h6 32. Bg7 e5 33. hxg5 hxg5 34. Re2 Kf7 35. Bxe5 Kg6 36. Bc3 Rd3 37. Re7 Bd5 38. a3 Kf5 39. Re2 Kg4 40. Rd2 Be4 41. Rxd3 Bxd3 42. Kg1 Kf5 43. Kf2 Ke4 44. Bf6 g4 45. g3 f3 46. Bc3 Be2 47. Bg7 Kd3 48. Bc3 Kc2 49. Be5 a5 50. Bc3 b4 51. axb4 a4 52. Bf6 Kb3 53. Be5 Kxb4 54. Bc3+ Kc4 55. Bf6 Kb3 56. Be5 1/2-1/2

[Event "Turkey IS Bank Super League 2017"]
[Site "Darica-Kocaeli"]
[Date "2017.08.05"]
[Round "12"]
[White "Kesgin, Halit Kaan"]
[Black "Bozbey, Ali"]
[Result "1-0"]
[WhiteElo "2207"]
[BlackElo "2139"]
[Annotator "NA"]
[PlyCount "41"]
[EventType "team-tourn"]
[EventCountry "TUR"]
[SourceTitle "playchess.com"]
[Source "ChessBase"]
[SourceQuality "1"]

1. e4 c5 2. Nf3 e6 3. g3 d5 4. exd5 exd5 5. d4 Nc6 6. Bg2 Bg4 7. O-O Nxd4 8. Qe1+ Ne6 9. Ne5 h5 10. c4 Nf6 11. cxd5 Nxd5 12. Qe4 Ndc7 13. Qxb7 Be7 14. Nc3 O-O 15. h3 Bf5 16. Nc6 Qe8 17. Bf4 Rc8 18. Qxc8 Qxc8 19. Nxe7+ Kh8 20. Nxc8 Nxf4 21. Nd6 1-0

[Event "Turkey IS Bank Super League 2017"]
[Site "Darica-Kocaeli"]
[Date "2017.08.05"]
[Round "12"]
[White "Sevgi, Volkan"]
[Black "Bayyurt, Izge"]
[Result "1-0"]
[WhiteElo "2199"]
[BlackElo "1839"]
[Annotator "NA"]
[PlyCount "99"]
[EventType "team-tourn"]
[EventCountry "TUR"]
[SourceTitle "playchess.com"]
[Source "ChessBase"]
[SourceQuality "1"]

1. Nf3 d5 2. g3 Nf6 3. Bg2 c5 4. d3 Nc6 5. Nbd2 e6 6. e4 Be7 7. O-O O-O 8. Qe2 b6 9. e5 Nd7 10. Re1 Qc7 11. Nf1 Ba6 12. Bf4 Qb7 13. c4 dxc4 14. dxc4 b5 15. Qe4 Rfc8 16. b3 Rab8 17. Bg5 Nb6 18. Ne3 h6 19. Bxe7 Qxe7 20. Bf1 Bb7 21. Bd3 g6 22. Qf4 Nb4 23. Bb1 Bxf3 24. Qxf3 bxc4 25. bxc4 Nc6 26. Ng4 Kg7 27. Be4 h5 28. Qf6+ Qxf6 29. exf6+ Kf8 30. Bxc6 Rxc6 31. Ne5 Rd6 32. Rab1 Rc8 33. Rb5 Rd4 34. Reb1 Ke8 35. a4 Nd7 36. f4 Nxe5 37. fxe5 Rc7 38. Rb8+ Kd7 39. R1b7 Kc6 40. Rxc7+ Kxc7 41. Re8 Rxc4 42. Re7+ Kb6 43. a5+ Ka6 44. Rxf7 Re4 45. Rd7 Rxe5 46. Rd1 Rf5 47. Rf1 Rxf6 48. Rxf6 Kxa5 49. Rxe6 c4 50. Kf2 1-0

[Event "Turkey IS Bank Super League 2017"]
[Site "Darica-Kocaeli"]
[Date "2017.08.05"]
[Round "12"]
[White "Dolgun, Can"]
[Black "Tanriverdi, Enes"]
[Result "1-0"]
[WhiteElo "2104"]
[BlackElo "2247"]
[Annotator "NA"]
[PlyCount "65"]
[EventType "team-tourn"]
[EventCountry "TUR"]
[SourceTitle "playchess.com"]
[Source "ChessBase"]
[SourceQuality "1"]

1. e4 c5 2. Nc3 Nc6 3. Bb5 g6 4. Bxc6 bxc6 5. d3 Bg7 6. Bd2 d6 7. Nge2 e5 8. O-O Ne7 9. f4 exf4 10. Bxf4 O-O 11. Qd2 Rb8 12. b3 Re8 13. Rae1 f5 14. Ng3 Qa5 15. Nd5 Qxd2 16. Nxe7+ Rxe7 17. Bxd2 fxe4 18. Nxe4 Bd4+ 19. Kh1 d5 20. Bf4 Ra8 21. Bd6 Re6 22. Bxc5 Rxe4 23. Bxd4 Rxd4 24. Re8+ Kg7 25. Rff8 a5 26. Rxc8 Ra7 27. Rf1 a4 28. Rxc6 axb3 29. axb3 Rf4 30. Kg1 Rxf1+ 31. Kxf1 d4 32. Rc4 Ra2 33. Ke2 1-0

[Event "Turkey IS Bank Super League 2017"]
[Site "Darica-Kocaeli"]
[Date "2017.08.05"]
[Round "12"]
[White "Ozenir, Ekin Baris"]
[Black "Ozates, Tuna"]
[Result "1-0"]
[WhiteElo "2098"]
[BlackElo "2291"]
[Annotator "NA"]
[PlyCount "57"]
[EventType "team-tourn"]
[EventCountry "TUR"]
[SourceTitle "playchess.com"]
[Source "ChessBase"]
[SourceQuality "1"]

1. d4 e6 2. c4 Nf6 3. Nc3 Bb4 4. e3 O-O 5. Bd3 d5 6. Nge2 c5 7. cxd5 cxd4 8. exd4 Nxd5 9. O-O Nc6 10. Nxd5 Qxd5 11. a3 Ba5 12. Qc2 h6 13. Rd1 Rd8 14. Bh7+ Kh8 15. Be4 Qb5 16. Bf4 Bb6 17. a4 Qb4 18. Bxc6 bxc6 19. a5 Bxd4 20. Ra4 Bxf2+ 21. Kxf2 Qe7 22. Rxd8+ Qxd8 23. Rd4 Qe7 24. Qd3 f5 25. Rd8+ Kh7 26. Qd6 Qf6 27. Qf8 Qxf8 28. Rxf8 Bb7 29. a6 1-0

[Event "Turkey IS Bank Super League 2017"]
[Site "Darica-Kocaeli"]
[Date "2017.08.05"]
[Round "12"]
[White "Karagollu, Ahmet"]
[Black "Kiremitciyan, Ari"]
[Result "1/2-1/2"]
[WhiteElo "2083"]
[BlackElo "2240"]
[Annotator "NA"]
[PlyCount "121"]
[EventType "team-tourn"]
[EventCountry "TUR"]
[SourceTitle "playchess.com"]
[Source "ChessBase"]
[SourceQuality "1"]

1. e4 d5 2. exd5 Qxd5 3. Nc3 Qd8 4. d4 Nf6 5. Bf4 c6 6. Nf3 Bg4 7. Qd2 Bxf3 8. gxf3 e6 9. Rg1 Nh5 10. Bg5 Qc7 11. O-O-O h6 12. Be3 Nd7 13. f4 g6 14. d5 exd5 15. Bd4 Rg8 16. Re1+ Kd8 17. Bh3 Bd6 18. Be5 Re8 19. Bxd7 Qxd7 20. Bxd6 Rxe1+ 21. Rxe1 Qxd6 22. f5 Qf4 23. fxg6 Qxd2+ 24. Kxd2 fxg6 25. Re6 Kd7 26. Rxg6 Rf8 27. Nd1 Rf6 28. Rxf6 Nxf6 29. f3 Ke6 30. Nf2 Kf5 31. Ke3 h5 32. Nd3 b6 33. b4 Nd7 34. Kd4 Nf8 35. Ke3 Ne6 36. c3 Kg5 37. Ne5 Nd8 38. f4+ Kf5 39. Nf3 c5 40. bxc5 bxc5 41. h3 Nc6 42. Nh4+ Kf6 43. Nf3 a6 44. Nd2 Na5 45. Kf3 Nc6 46. Nb3 c4 47. Nd2 d4 48. cxd4 Nxd4+ 49. Kf2 Kf5 50. Nxc4 Kxf4 51. a4 Ke4 52. Nb6 h4 53. Nd7 Kd5 54. Ke3 Ne6 55. a5 Kc6 56. Nb8+ Kb5 57. Kf3 Ng5+ 58. Kg4 Nxh3 59. Kxh3 Kxa5 60. Nxa6 Kxa6 61. Kxh4 1/2-1/2

[Event "Turkey IS Bank Super League 2017"]
[Site "Darica-Kocaeli"]
[Date "2017.08.05"]
[Round "12"]
[White "Ozbay, Ece"]
[Black "Onur, Cigdem"]
[Result "0-1"]
[WhiteElo "1970"]
[BlackElo "1699"]
[Annotator "NA"]
[PlyCount "110"]
[EventType "team-tourn"]
[EventCountry "TUR"]
[SourceTitle "playchess.com"]
[Source "ChessBase"]
[SourceQuality "1"]

1. e4 c5 2. Nf3 Nc6 3. Bb5 e6 4. O-O Nge7 5. Re1 Nd4 6. Nc3 a6 7. Bf1 Nec6 8. Nxd4 cxd4 9. Ne2 Bc5 10. d3 O-O 11. Ng3 d5 12. e5 f6 13. f4 fxe5 14. fxe5 Qh4 15. Qd2 Bb4 16. c3 dxc3 17. bxc3 Bc5+ 18. d4 Nxd4 19. cxd4 Bxd4+ 20. Kh1 Bf2 21. Qg5 Bxe1 22. Qxh4 Rxf1+ 23. Nxf1 Bxh4 24. Ba3 Bd7 25. g3 Bd8 26. Nd2 Bc7 27. Nf3 Bc6 28. Kg1 h6 29. Rc1 Rc8 30. Bc5 Bb5 31. Be3 Bc4 32. Nd4 Kf7 33. Rb1 b5 34. Nc6 Ke8 35. Bd4 Kd7 36. Nb4 Ra8 37. Rb2 a5 38. Nc2 Kc6 39. Kf2 Rf8+ 40. Ke3 Rf5 41. g4 Rf1 42. a3 g5 43. Kd2 Rf4 44. Bc3 Rxg4 45. Nd4+ Kd7 46. Ke1 Bxe5 47. Nxb5 Rg1+ 48. Kf2 Rf1+ 49. Kg2 Bxc3 50. Nxc3 Rc1 51. Na4 Kd6 52. Rb6+ Ke5 53. Kg3 d4 54. Nc5 Rc3+ 55. Kf2 Rxa3 0-1

[Event "Turkey IS Bank Super League 2017"]
[Site "Darica-Kocaeli"]
[Date "2017.08.05"]
[Round "12"]
[White "Duran, Esma Doga"]
[Black "Avramidou, Anastasia"]
[Result "1/2-1/2"]
[WhiteElo "1939"]
[BlackElo "2247"]
[Annotator "NA"]
[PlyCount "135"]
[EventType "team-tourn"]
[EventCountry "TUR"]
[SourceTitle "playchess.com"]
[Source "ChessBase"]
[SourceQuality "1"]

1. d4 Nf6 2. c4 e6 3. Nf3 b6 4. Nc3 Bb4 5. Bg5 Bb7 6. e3 h6 7. Bh4 g5 8. Bg3 Ne4 9. Qc2 Bxc3+ 10. bxc3 Nxg3 11. hxg3 Bxf3 12. gxf3 Nc6 13. Bd3 Qe7 14. Kf1 Na5 15. Kg2 c5 16. Qe2 e5 17. Be4 Rc8 18. Rac1 d6 19. Qd1 Kf8 20. Qa4 Kg7 21. g4 Qe8 22. Qxe8 Rhxe8 23. dxe5 Nxc4 24. exd6 Nxd6 25. Bd5 c4 26. Kg3 Rc5 27. Rhd1 Kf6 28. f4 gxf4+ 29. Kxf4 Nb5 30. Bg2 Nc7 31. Rd6+ Ne6+ 32. Kg3 h5 33. f4 hxg4 34. Kxg4 Rg8+ 35. Kf3 Ra5 36. Rc2 Ke7 37. Rcd2 Rd8 38. Rxd8 Nxd8 39. Bh3 Ra3 40. Rd7+ Ke8 41. Rc7 Rxc3 42. Rxa7 Kf8 43. Ra8 Ke7 44. Ra7+ Kf8 45. Ra8 Ke8 46. Rb8 Rc1 47. Bf5 c3 48. Ke2 Ra1 49. Rxb6 Rxa2+ 50. Kd1 Rd2+ 51. Ke1 Rg2 52. Rb3 Rg1+ 53. Ke2 Rc1 54. Kd3 Nc6 55. Rxc3 Rd1+ 56. Ke4 Ne7 57. Bg4 Rd6 58. f5 Nd5 59. Rc8+ Ke7 60. Rc5 Nf6+ 61. Kf4 Nd5+ 62. Ke4 Nf6+ 63. Kf4 Nd5+ 64. Ke4 Nf6+ 65. Kf4 Nd5+ 66. Ke4 Nf6+ 67. Kf4 Nd5+ 68. Ke4 1/2-1/2